| 000 | 00700nam a2200229 a 4500 | ||
|---|---|---|---|
| 001 | 56562 | ||
| 003 | BD-RjUL | ||
| 005 | 20211209080418.0 | ||
| 008 | 190306s1961 bg a 001 0 eng | ||
| 035 | _a(BD-RjUL)56686 | ||
| 040 |
_aDLC _cDLC _dDLC _dBD-RjUL _beng |
||
| 041 | _aeng | ||
| 082 | 0 | 0 |
_223 _a340.095491 _bUPT 1961 |
| 245 | 0 | 0 |
_aThe up-to-date civil reference, 1960 / _cObaidul Huq Chowdhury. |
| 260 |
_aDacca : _bDacca Law Reports, _c1961 |
||
| 300 |
_alxxi, 740 pages ; _c26 cm. |
||
| 650 |
_aLaw reports, digests, _zPakistan. _9229032 |
||
| 650 |
_aLaw reports, digests, etc. _9229033 |
||
| 651 |
_aPakistan _9229034 |
||
| 700 |
_aChowdhury, Obaidul Huq. _9229036 |
||
| 942 |
_2ddc _cBK |
||
| 999 |
_c56562 _d56562 |
||